|
|
|
|
| LEADER |
00000cam a2200000 7i4500 |
| 001 |
0000021611 |
| 005 |
20081023.0 |
| 008 |
081023s -us i eng |
| 020 |
|
|
|a 9780230535893
|
| 040 |
|
|
|a INS
|
| 090 |
0 |
0 |
|a KD1554.A29
|b C67 2007
|
| 100 |
1 |
|
|a Stephenson, Graham
|
| 245 |
1 |
0 |
|a Core statutes on contract, tort and restitution
|c Graham Stephenson
|
| 260 |
|
|
|a New York :
|b Palgrave Macmillan ,
|c 2007
|
| 300 |
|
|
|a xii, 267p. ;
|c 24cm.
|
| 500 |
|
|
|a Includes index
|
| 650 |
0 |
0 |
|a Contracts
|z United States
|
| 650 |
0 |
0 |
|a Restitution
|z United States
|
| 650 |
0 |
0 |
|a Torts
|z United States
|
| 999 |
|
|
|a 0000020177
|b BOOK
|c Open Shelf
|e Default branch
|
| 999 |
|
|
|a 0000020493
|b BOOK
|c Open Shelf
|e Default branch
|